Cities that End in P by Clue - Statistics

General Stats
  • This quiz has been taken 16 times
  • The average score is 3 of 10
Answer Stats
Clue City % Correct
Major Belgian port on the river Scheldt Antwerp
100%
Old city in Turkey near the Syrian border Gaziantep
69%
New Mexican city whose name is better-known for opinion polls Gallup
56%
Three-letter town in the French Alps whose name might suggest a mountain pass Gap
25%
Settlement of 339,938 people on Long Island - but only registered as a town, not a city Islip
19%
Mining city in the West Rand, Gauteng, South Africa Krugersdorp
19%
Industrious-sounding Nottinghamshire town Worksop
19%
German industrial centre next to Essen and Oberhausen Bottrop
13%
Suburb of Copenhagen Ballerup
6%
Irish town on the Liffey in County Kildare Leixlip
6%
No matching quizzes found
Score Distribution
Percent of People with Each Score
Percentile by Number Answered
Your Score History
You have not taken this quiz